000 00266nam a2200109Ia 4500
008 201231s9999 xx 000 0 und d
100 _aBose,A.N
245 0 _aCoast Zone Management of West Bengal
260 _aKolkata
_bU.N. Dhar
300 _a147, XVII
942 _cBK
999 _c10358
_d10358